| 000 | 00873nam a22002297a 4500 | ||
|---|---|---|---|
| 999 |
_c7922 _d7922 |
||
| 003 | AR-CdUCM | ||
| 008 | 190321b ||||| |||| 00| 0 spa d | ||
| 040 |
_aMUNICIPALIDAD PROVINCIAL DEL CUSCO _cBIBLIOTECA MUNICIPAL DEL CUSCO |
||
| 082 |
_a574 / _bR63 |
||
| 100 |
_aRioja Lo Bianco, Enrique _922391 |
||
| 245 | _aPrácticas Elementales de Biología / | ||
| 260 |
_aSantander : _bAldus S. A. ; _c1928. |
||
| 300 |
_a182 páginas ; _bIlustraciones _c22cm |
||
| 505 | _aContenido: Construcción química de la materia viva -- Citología -- Reacciones de los seres vivos a los estímulos exteriores -- Reproducción de los seres vivos -- Histología animal... | ||
| 650 |
_aAnimales _9917 |
||
| 650 |
_aCélulas _918534 |
||
| 650 |
_aZoología _918986 |
||
| 650 |
_aBiología _9881 |
||
| 700 |
_aCendrero Curiel, Orestes _922392 |
||
| 942 |
_2ddc _cLIBROS |
||
| 945 | _anom | ||